[Adhesiu] Sóc una descobridora de biblioteques
Descripción Física:
1 adhesiu : il·lustracions ; 9 x 6 cm
Idioma:
Catalán
MARC
| LEADER | 00000nrm a22000007a 4500 | ||
|---|---|---|---|
| 001 | 25942 | ||
| 008 | 220615b spa||||| |||| 00| 0 cat d | ||
| 080 | |a NBM-13-254 | ||
| 245 | |a [Adhesiu] Sóc una descobridora de biblioteques | ||
| 260 | |a Barcelona : |b Xarxa de Biblioteques Municipals, |c 2016 | ||
| 300 | |a 1 adhesiu : |b il·lustracions ; |c 9 x 6 cm | ||
| 500 | |a A la portada: genius.diba.cat | ||
| 650 | 0 | |9 54098 |a Objectes publicitaris | |
| 655 | 0 | |9 53155 |a Adhesius (Etiquetes) | |
| 710 | 1 | |a Barcelona (Catalunya : Província). |b Xarxa de Biblioteques Municipals |9 52650 | |
| 942 | |2 udc |c ARXIU |n 1 | ||
| 952 | |0 0 |1 0 |4 0 |6 NBM13254 |7 1 |9 62407 |a Arxiu |b Arxiu |d 2022-06-15 |l 0 |o NBM-13-254 |p 25942 |r 2022-06-15 00:00:00 |w 2022-06-15 |y ARXIU | ||
| 999 | |c 82052 |d 82052 | ||